|
|
|
|
| LEADER |
01108nam a2200253 a 4500 |
| 001 |
11916024 |
| 008 |
100301s1999 enka 000 0 eng d |
| 010 |
|
|
|a 00300758
|
| 020 |
|
|
|a 0714838683
|
| 040 |
|
|
|a DLC
|c DLC
|d DLC
|d DB-DhAAL
|
| 082 |
0 |
0 |
|a 724/.6
|2 21
|
| 245 |
0 |
0 |
|a Twentieth-century classics /
|c [introduction by Beth Dunlop and Denis Hector].
|
| 260 |
|
|
|a London :
|b Phaidon,
|c 1999.
|
| 300 |
|
|
|a 1 v. (unpaged) :
|b ill. (some col.) ;
|c 30 cm.
|
| 490 |
0 |
|
|a Architecture 3s
|
| 500 |
|
|
|a Cover title.
|
| 500 |
|
|
|a Originally published 1993 in series: Architecture in detail.
|
| 541 |
1 |
|
|e 00013791
|
| 505 |
0 |
|
|a Walter Gropius, Bauhaus, Dessau / Dennis Sharp -- Le Corbusier, Unité d'habitation, Marseilles / David Jenkins -- Louis I. Khan, Salk Institute, La Jolla / James Steele.
|
| 650 |
|
0 |
|a Architecture, Modern
|y 20th century.
|
| 710 |
2 |
|
|a Phaidon Press.
|
| 852 |
4 |
|
|a Ayesha Abed Library
|j General Shelf.
|
| 999 |
|
|
|c 7680
|d 7680
|
| 952 |
|
|
|0 0
|1 0
|2 ddc
|4 0
|6 724_600000000000000_TWE_1999
|7 0
|9 8412
|a BRACUL
|b BRACUL
|c GEN
|d 2010-03-01
|l 4
|m 31
|o 724.6 TWE
|p 3010013791
|r 2019-08-20
|s 2019-05-12
|t 1
|w 2010-03-01
|y BK
|